Painleve transcendents : their asymptotics and physical applications
Saved in:
| Corporate Author: | |
|---|---|
| Other Authors: | , |
| Format: | Conference Proceeding Book |
| Language: | English |
| Published: |
New York and London :
Plenum Press,
c1992.
|
| Series: | NATO ASI series. Physics ;
278 ; Series B |
| Subjects: | |
| Tags: |
Add Tag
No Tags, Be the first to tag this record!
|
MARC
| LEADER | 00000cam a2200000 i 4500 | ||
|---|---|---|---|
| 001 | 1/59883 | ||
| 008 | 960213s1992 nyu ||| | eng|| | ||
| 020 | |a 0306440504 | ||
| 035 | |a 1995 |c ΚΩΤΣΑΚΗΣ |l 10046155 | ||
| 035 | |a 1995 |c ΦΛΕΣΣΑΣ | ||
| 040 | |a GR-MyUA |b gre |e AACR2 | ||
| 041 | 0 | |a eng | |
| 082 | 0 | |a 530.1 | |
| 111 | 2 | |a NATO Advanced Research Workshop on Painleve Transcendents: Their Asymptotics and Physical Applications |d (1990 : |c Sainte-Adele, Quebec) | |
| 245 | 1 | 0 | |a Painleve transcendents : |b their asymptotics and physical applications / |c Edited by Decio Levi and Pavel Winternitz |
| 260 | |a New York and London : |b Plenum Press, |c c1992. | ||
| 300 | |a 446 σ. ; |c 26 εκ. | ||
| 490 | 1 | |a (NATO ASI series. Physics |v ; 278 ; Series B) | |
| 500 | |a Proceedings of a NATO Advanced Research Workshop on Painleve Transcendents: Their Asymptotics and Physical Applications, held September 3-7 1990, in Sainte-Adele, Quebec, Canada | ||
| 504 | |a Περιέχει βιβλιογραφικές αναφορές και ευρετήριο. | ||
| 650 | 0 | 0 | |a Painleve equations |x Congresses. |
| 650 | 0 | 0 | |a Mathematical physics |x Asymptotic theory |x Congresses. |
| 700 | 1 | |a Winternitz, Pavel, |e edt | |
| 700 | 1 | |a Levi, D. |q (Decio) |e edt | |
| 830 | 0 | |a NATO ASI series. |n Series B, |p Physics ; |v 278 ; Series B | |
| 852 | |a INST |b SAMOS |e 19960223 |h 530.1 NAT |p 005300004692 |q 005300004692 |t BK |y 0 | ||
| 852 | |a INST |b SAMOS |e 19960213 |h 530.1 NAT |p 005300004996 |q 005300004996 |t BK |y 0 | ||
| 909 | |a Σ |b 042114 | ||
| 909 | |a Σ |b 041207 | ||